Los salvadoreños evalúan los cien días de gobierno de Francisco Flores

Đã lưu trong:
Chi tiết về thư mục
Định dạng: Texto
Những chủ đề:
Các nhãn: Thêm thẻ
Không có thẻ, Là người đầu tiên thẻ bản ghi này!

MARC

LEADER 00000 a a2200000 04500
001 6288
003
040
245 |a Los salvadoreños evalúan los cien días de gobierno de Francisco Flores  
650 |a POLITICA  
650 |a GOBIERNO  
650 |a ECONOMIA  
650 |a SOCIEDAD CIVIL  
650 |a POLITICAS GUBERNAMENTAL  
650 |a CONFLICTOS SOCIALES  
650 |a ENCUESTAS  
650 |a INVESTIGACION  
650 |a PARTIDOS POLITICOS  
773 |g volumen 20, número 869; páginas 11-13  
999 |c 38184  |d 38184